000 00371nam a2200157Ia 4500
008 160316s1994 xxu||||| |||| 00| 0 eng d
082 _a823.000000
_bBER
100 _aBernieres Louis De
245 _aCorelli's Mandolin
250 _a
260 _aNew York
_bVintage Books
_c1994
300 _a436p
_b
_c
365 _b Rs. 130
650 _a1. Fiction
700 _a
_a
999 _c33403
_d33403